01327cam a22003737a 4500003000500000005001700005008004100022010001000063011001000073035001000083040000900093082001500102110000800117245005900125260002300184300001600207500004100223590004100264590004100305590004100346590004200387650001800429650003500447650002200482700002200504700002500526901000700551942001000558949005400568949005900622999001700681952012500698952013000823CHAP20220817043123.0971013s1985 r 00010 d a66254 a67226 a76696 cCHAP a597.09bF3 aFAO 0aFAO species identification sheets for fishery purposes aRome :bFAO,c1985 av.b: ilus. aLa biblioteca tiene : Southern ocean aBATCH-UPDb10c20130110lUCH01h0516 aBATCH-UPDb10c20130410lUCH01h1618 aBATCH-UPDb10c20130914lUCH01h1627 aCONVERSIONb10c20130109lUCH01h133614aPeces.98644114aPecesxClasificación.98644514aRecursos marinos.0 aFisher, W.9411170 aHureau, J. C.956969 aBK cLIBRO a597.09 F3bBCcFAOd-29552eFAO1h68775i76696si a597.09 F3bBCcFAOd-93647eFAO2fc.2h68776i76696si c66254d66254 00104053708FAOaBCbBCcPP_FAOd2019-12-31fLIBROi127l0o597.09 F3p-29552r2019-12-31 00:00:00w2019-12-31yLIBRO 00104051708FAOaBCbBCcPP_FAOd2019-12-31fLIBROi127l0o597.09 F3p-93647r2019-12-31 00:00:00tc.2w2019-12-31yLIBRO